| 000 | 01200cam a22002294a 4500 | ||
|---|---|---|---|
| 005 | 20250605163921.0 | ||
| 008 | 250528s ||||||||||||||||||||||||d | ||
| 035 | _a14403 | ||
| 020 | _a534611281 | ||
| 040 |
_aGR-AtMCL _bgre _dGR-AtMCL _eAACR2 |
||
| 245 | 1 | _aExperimental Psychology / Understanding Psychological Research | |
| 250 | _a8th | ||
| 260 |
_bThomson/ Wadsworth, _c2005 |
||
| 300 | _a568 | ||
| 520 | _aThis book is more than a psychology text... It's part of an unparalleled teaching and learning system! Fundamentals of Research, Explanation in Scientific Psychology, Research Techniques: Observation and Correlation, Research Techniques: Experiments, Ethics in Psychological Research, How to Read and Write Research Reports, Principles and Practices of Experimental Psychology, Psychophysics, Perception, Attention and Reaction Time, Conditioning and Learning, Remembering and Forgetting, Thinking and Problem Solving, Individual Differences and Development, Social Psychology, Environmental Psychology, Human Factors. | ||
| 700 | 1 |
_aElmes David G _951 |
|
| 700 | 1 |
_aKantowitz Barry H _952 |
|
| 700 | 1 |
_aRoediger Henry L _953 |
|
| 942 | _cBK | ||
| 999 |
_c37 _d37 |
||